[Event "Portoroz Nat Festival 30th"]
[Site "Portoroz"]
[Date "2020.09.07"]
[Round "7"]
[White "Pajek, Tjasa"]
[Black "Mihelic, Vesna"]
[Result "1/2-1/2"]
[WhiteElo "1711"]
[BlackElo "1975"]
[PlyCount "60"]
[EventDate "2020.09.03"]
[EventType "swiss"]
[EventRounds "9"]
[EventCountry "SLO"]
[SourceTitle "CBM 198 Extra"]
[Source "ChessBase"]
[SourceDate "2020.11.30"]
[SourceVersion "1"]
[SourceVersionDate "2020.11.30"]
[SourceQuality "1"]

1. e4 e5 2. Nf3 Nc6 3. Bb5 g6 4. d3 Bg7 5. c3 a6 6. Ba4 d6 7. h3 Nge7 8. Nbd2 0-0 9. Bb3 h6 10. 0-0 Kh7 11. Nh2 f5 12. f4 Bd7 13. Bc2 b5 14. fxe5 dxe5 15. Ndf3 Be6 16. Be3 Qd7 17. d4 exd4 18. Nxd4 Nxd4 19. Bxd4 Bxd4+ 20. Qxd4 Qxd4+ 21. cxd4 fxe4 22. Bxe4 Bd5 23. Rae1 Rxf1+ 24. Nxf1 Rd8 25. Bxd5 Nxd5 26. a3 Rd7 27. Nd2 Kg7 28. Nf3 Re7 29. Rxe7+ Nxe7 30. Kf2 Kf6 1/2-1/2

[Event "Portoroz Nat Festival 30th"]
[Site "Portoroz"]
[Date "2020.09.03"]
[Round "1"]
[White "Rozman, Monika"]
[Black "Pajek, Tjasa"]
[Result "1-0"]
[WhiteElo "2162"]
[BlackElo "1711"]
[PlyCount "52"]
[EventDate "2020.09.03"]
[EventType "swiss"]
[EventRounds "9"]
[EventCountry "SLO"]
[SourceTitle "CBM 198 Extra"]
[Source "ChessBase"]
[SourceDate "2020.11.30"]
[SourceVersion "1"]
[SourceVersionDate "2020.11.30"]
[SourceQuality "1"]

1. e4 e5 2. Nf3 Nc6 3. Bc4 Bc5 4. c3 Nf6 5. d3 0-0 6. 0-0 h6 7. Re1 d6 8. Bb3 Re8 9. Nbd2 Ne7 10. Nf1 Ng6 11. Ng3 Be6 12. Bc2 d5 13. d4 exd4 14. Nxd4 Bxd4 15. Qxd4 dxe4 16. Be3 Qxd4 17. Bxd4 Bd5 18. Bxf6 gxf6 19. Bxe4 Nf4 20. Bxd5 Nxd5 21. Nh5 b5 22. Rad1 c6 23. Rxd5 cxd5 24. Nxf6+ Kg7 25. Nxe8+ Rxe8 26. Kf1 Kf8 1-0

[Event "SLO-chT U20 Girls"]
[Site "Dobrna"]
[Date "2019.08.28"]
[Round "3"]
[White "Pajek, Tjasa"]
[Black "Vidmar, Klara"]
[Result "1/2-1/2"]
[WhiteElo "1451"]
[BlackElo "1821"]
[PlyCount "76"]
[EventDate "2019.08.27"]
[EventType "team-swiss"]
[EventRounds "5"]
[EventCountry "SLO"]
[SourceTitle "EXT 2020"]
[Source "ChessBase"]
[SourceDate "2019.10.17"]
[SourceVersion "1"]
[SourceVersionDate "2019.10.17"]
[SourceQuality "1"]

1. e4 c5 2. Nf3 Nc6 3. d4 cxd4 4. Nxd4 e5 5. Nb5 d6 6. c4 a6 7. N5a3 Nf6 8. Nc3 Be7 9. Be2 0-0 10. 0-0 Nd4 11. Nc2 Nxe2+ 12. Qxe2 Be6 13. b3 Nd7 14. Ne3 Kh8 15. Ncd5 Bg5 16. Rd1 Nc5 17. f3 f5 18. exf5 Bxf5 19. Nxf5 Rxf5 20. Bxg5 Qxg5 21. Qd2 Qxd2 22. Rxd2 Rd8 23. Ne3 Rf6 24. Rad1 e4 25. b4 Na4 26. fxe4 Nc3 27. Rf1 Nxe4 28. Rxf6 Nxf6 29. Nd5 Kg8 30. Nxf6+ gxf6 31. Kf2 Kf7 32. Ke3 Ke6 33. Kd4 Rg8 34. Re2+ Kd7 35. h3 Rg5 36. a4 a5 37. b5 Rg3 38. Ra2 b6 1/2-1/2

[Event "Otocec Krka Terme op"]
[Site "Otocec"]
[Date "2018.12.28"]
[Round "7"]
[White "Pajek, Tjasa"]
[Black "Bajo, Tin"]
[Result "0-1"]
[WhiteElo "1384"]
[BlackElo "1952"]
[PlyCount "120"]
[EventDate "2018.12.25"]
[EventType "swiss"]
[EventRounds "9"]
[EventCountry "SLO"]
[SourceTitle "EXT 2020"]
[Source "ChessBase"]
[SourceDate "2019.10.17"]
[SourceVersion "1"]
[SourceVersionDate "2019.10.17"]
[SourceQuality "1"]

1. e4 e5 2. Nf3 Nc6 3. Bc4 Bc5 4. Nc3 d6 5. h3 Nf6 6. d3 h6 7. Be3 Bb6 8. d4 exd4 9. Nxd4 Qe7 10. Nxc6 bxc6 11. Bxb6 axb6 12. Qe2 b5 13. Bd3 0-0 14. 0-0 Re8 15. a3 Nd7 16. f4 Nc5 17. Rae1 Qh4 18. Qf2 Qxf2+ 19. Rxf2 f6 20. Rfe2 Bd7 21. e5 Nxd3 22. cxd3 Kf7 23. d4 Be6 24. g4 f5 25. d5 Bxd5 26. gxf5 b4 27. axb4 Rab8 28. Nxd5 cxd5 29. Rc2 Re7 30. Rd1 Rb5 31. exd6 cxd6 32. Rcd2 Rxb4 33. Rxd5 Rxb2 34. R5d2 Rxd2 35. Rxd2 Re4 36. Rxd6 Rxf4 37. Rd5 Kf6 38. Kg2 Rxf5 39. Rd6+ Kg5 40. Rd7 g6 41. Kg3 Ra5 42. Rd4 Ra3+ 43. Kg2 Kf5 44. Rb4 g5 45. Rc4 Ra5 46. Kg3 h5 47. Kg2 Re5 48. Kf3 Rb5 49. Kg2 h4 50. Ra4 Rb2+ 51. Kf3 Rh2 52. Ra5+ Kg6 53. Kg4 Rg2+ 54. Kf3 Rg3+ 55. Kf2 Rxh3 56. Ra4 Rb3 57. Rd4 Kh5 58. Rd5 h3 59. Kg1 Kh4 60. Rd4+ Kg3 0-1

[Event "Otocec Krka Terme op"]
[Site "Otocec"]
[Date "2018.12.26"]
[Round "5"]
[White "Pajek, Tjasa"]
[Black "Rozman, Roman"]
[Result "1-0"]
[WhiteElo "1384"]
[BlackElo "1793"]
[PlyCount "71"]
[EventDate "2018.12.25"]
[EventType "swiss"]
[EventRounds "9"]
[EventCountry "SLO"]
[SourceTitle "EXT 2020"]
[Source "ChessBase"]
[SourceDate "2019.10.17"]
[SourceVersion "1"]
[SourceVersionDate "2019.10.17"]
[SourceQuality "1"]

1. e4 c6 2. d4 d5 3. exd5 cxd5 4. Nf3 Nc6 5. Be2 Bf5 6. Bf4 e6 7. 0-0 Bd6 8. Bxd6 Qxd6 9. Nbd2 Nf6 10. c4 0-0 11. c5 Qe7 12. a3 e5 13. dxe5 Nxe5 14. Nxe5 Qxe5 15. b4 Qc3 16. Nf3 a5 17. Qd4 Qc2 18. Rfe1 Rfe8 19. Bb5 Re4 20. Rxe4 Qxe4 21. Re1 Qc2 22. Ne5 h5 23. c6 bxc6 24. Bxc6 Rb8 25. Bxd5 Nxd5 26. Qxd5 axb4 27. Qxf7+ Kh7 28. Qxh5+ Kg8 29. axb4 Rxb4 30. h3 Rb1 31. Rxb1 Qxb1+ 32. Kh2 g6 33. Qf3 Qb8 34. Qf4 Kg7 35. g3 Qc7 36. Nxg6 1-0

[Event "SLO-chT U16 Girls"]
[Site "Murska Sobota"]
[Date "2018.05.13"]
[Round "4"]
[White "Pajek, Tjasa"]
[Black "Drevensek, Doroteja"]
[Result "1/2-1/2"]
[WhiteElo "1353"]
[BlackElo "1261"]
[PlyCount "76"]
[EventDate "2018.05.11"]
[EventType "team-tourn"]
[EventRounds "5"]
[EventCountry "SLO"]
[SourceTitle "EXT 2020"]
[Source "ChessBase"]
[SourceDate "2019.10.17"]
[SourceVersion "1"]
[SourceVersionDate "2019.10.17"]
[SourceQuality "1"]

1. e4 d6 2. d4 Nf6 3. Nc3 Nbd7 4. Nf3 e5 5. dxe5 dxe5 6. a3 Be7 7. Bc4 0-0 8. 0-0 c6 9. Bg5 b5 10. Ba2 h6 11. Bh4 Bb7 12. Re1 Re8 13. Qd3 Qc7 14. Rad1 Rad8 15. Qe2 Nh5 16. Bxe7 Rxe7 17. Nh4 Ndf6 18. Rxd8+ Qxd8 19. Rd1 Rd7 20. Rxd7 Qxd7 21. Ng6 Nf4 22. Nxf4 exf4 23. e5 Nd5 24. Bxd5 cxd5 25. Qxb5 Qxb5 26. Nxb5 a6 27. Nd4 Kf8 28. Kf1 Ke7 29. Ke2 f6 30. Nf5+ Ke6 31. Nxg7+ Kxe5 32. Kd3 d4 33. f3 Bc6 34. c3 dxc3 35. bxc3 f5 36. c4 Kf6 37. Nh5+ Kg5 38. Ng7 Kf6 1/2-1/2

[Event "SLO-chT U16 Girls"]
[Site "Murska Sobota"]
[Date "2018.05.12"]
[Round "2"]
[White "Petauer, Ana Marija"]
[Black "Pajek, Tjasa"]
[Result "1/2-1/2"]
[WhiteElo "1501"]
[BlackElo "1353"]
[PlyCount "87"]
[EventDate "2018.05.11"]
[EventType "team-tourn"]
[EventRounds "5"]
[EventCountry "SLO"]
[SourceTitle "EXT 2020"]
[Source "ChessBase"]
[SourceDate "2019.10.17"]
[SourceVersion "1"]
[SourceVersionDate "2019.10.17"]
[SourceQuality "1"]

1. e4 e5 2. Nf3 Nc6 3. Bc4 Bc5 4. 0-0 Nf6 5. d4 Bxd4 6. Nxd4 Nxd4 7. f4 d6 8. fxe5 dxe5 9. Bg5 Qe7 10. Bxf6 gxf6 11. c3 Nc6 12. Kh1 h5 13. Qf3 Rh6 14. Qg3 Qf8 15. Qh4 Qg7 16. Na3 a6 17. Nc2 Ne7 18. Ne3 c6 19. Rf2 Be6 20. Raf1 Ng8 21. Rf3 0-0-0 22. Nf5 Bxf5 23. Rxf5 Qh7 24. Be2 Rd2 25. Qh3 Kb8 26. Rb1 Ne7 27. Rxh5 Rxh5 28. Qxh5 Qxe4 29. Re1 Qg6 30. Qh8+ Ka7 31. Qh3 Rxb2 32. Qe3+ Kb8 33. Qc5 Nd5 34. Qd6+ Kc8 35. c4 Nf4 36. Qf8+ Kc7 37. Rg1 Rxe2 38. c5 f5 39. Qe7+ Kb8 40. Qd8+ Ka7 41. Qb6+ Kb8 42. Qd8+ Ka7 43. Qb6+ Kb8 44. Qd8+ 1/2-1/2

[Event "SLO-ch U14 Girls"]
[Site "Portoroz"]
[Date "2018.03.02"]
[Round "9"]
[White "Pajek, Tjasa"]
[Black "Kolosa Kusej, Vita"]
[Result "1-0"]
[WhiteElo "1369"]
[BlackElo "1025"]
[PlyCount "91"]
[EventDate "2018.02.24"]
[EventType "swiss"]
[EventRounds "9"]
[EventCountry "SLO"]
[SourceTitle "EXT 2019"]
[Source "ChessBase"]
[SourceDate "2018.10.10"]
[SourceVersion "1"]
[SourceVersionDate "2018.10.10"]
[SourceQuality "1"]

1. e4 c5 2. Nf3 e6 3. d4 cxd4 4. Nxd4 a6 5. Nc3 Qc7 6. Bd3 Bb4 7. Bd2 Bxc3 8. Bxc3 Nf6 9. 0-0 Nc6 10. Re1 Nxd4 11. Bxd4 e5 12. Bc3 0-0 13. Qd2 d6 14. Rad1 b5 15. Bf1 Bb7 16. f3 Rfd8 17. Kh1 Qc5 18. Bb4 Qa7 19. Bc3 a5 20. Bxb5 Qc5 21. a4 Bc6 22. Bxc6 Qxc6 23. b3 Qb6 24. Qe3 Qc6 25. Rd2 d5 26. Bxe5 dxe4 27. Rxd8+ Rxd8 28. Bxf6 gxf6 29. Qxe4 Qxe4 30. fxe4 Rd2 31. Rc1 Re2 32. Kg1 Rxe4 33. Kf2 Rb4 34. Rb1 Rb6 35. c4 Kf8 36. Rb2 Ke7 37. Ke3 Kd6 38. Kd4 h5 39. c5+ Kc6 40. cxb6 Kxb6 41. Rf2 Kc7 42. Rxf6 Kd7 43. Rxf7+ Ke6 44. Ra7 Kf5 45. Rxa5+ Kg4 46. b4 1-0

[Event "SLO-ch U14 Girls"]
[Site "Portoroz"]
[Date "2018.02.27"]
[Round "5"]
[White "Drevensek, Doroteja"]
[Black "Pajek, Tjasa"]
[Result "0-1"]
[WhiteElo "1277"]
[BlackElo "1369"]
[PlyCount "62"]
[EventDate "2018.02.24"]
[EventType "swiss"]
[EventRounds "9"]
[EventCountry "SLO"]
[SourceTitle "EXT 2019"]
[Source "ChessBase"]
[SourceDate "2018.10.10"]
[SourceVersion "1"]
[SourceVersionDate "2018.10.10"]
[SourceQuality "1"]

1. e4 e5 2. Nf3 Nc6 3. Nc3 Nf6 4. Bb5 d6 5. d4 exd4 6. Nxd4 Bd7 7. Bxc6 Bxc6 8. Nxc6 bxc6 9. 0-0 Be7 10. Bg5 h6 11. Bh4 Nd7 12. Bxe7 Qxe7 13. Re1 0-0 14. Re3 Ne5 15. b3 Qh4 16. Rh3 Qf4 17. Rg3 f5 18. Qe2 fxe4 19. Nxe4 d5 20. Nc5 Qd4 21. Rf1 Qxc5 22. Qxe5 Rf7 23. Qc3 Qd6 24. Qd3 Re8 25. Qa6 Qc5 26. Rg6 Re1 27. Qc8+ Kh7 28. Rxg7+ Kxg7 29. Qg4+ Kh7 30. Qg3 Rxf1+ 31. Kxf1 Qxc2 0-1

[Event "SLO-ch U14 Girls"]
[Site "Portoroz"]
[Date "2018.02.27"]
[Round "6"]
[White "Pajek, Tjasa"]
[Black "Ruzic, Pia Marie"]
[Result "0-1"]
[WhiteElo "1369"]
[BlackElo "1697"]
[PlyCount "102"]
[EventDate "2018.02.24"]
[EventType "swiss"]
[EventRounds "9"]
[EventCountry "SLO"]
[SourceTitle "EXT 2019"]
[Source "ChessBase"]
[SourceDate "2018.10.10"]
[SourceVersion "1"]
[SourceVersionDate "2018.10.10"]
[SourceQuality "1"]

1. e4 e6 2. d4 d5 3. Nd2 dxe4 4. Nxe4 Nd7 5. Nf3 Ngf6 6. Nxf6+ Nxf6 7. c3 Be7 8. Bd3 0-0 9. 0-0 c5 10. dxc5 Bxc5 11. Qe2 Qc7 12. Be3 Bxe3 13. Qxe3 b6 14. Rad1 Bb7 15. h3 Rad8 16. Rfe1 a6 17. Ne5 b5 18. Qg3 Rd5 19. Bc2 Rfd8 20. Ng4 Qxg3 21. Nxf6+ gxf6 22. fxg3 Rd2 23. Rxd2 Rxd2 24. Be4 Bxe4 25. Rxe4 Rxb2 26. a4 Rb3 27. axb5 axb5 28. Rb4 Rxb4 29. cxb4 Kf8 30. Kf2 Ke7 31. Ke3 Kd6 32. Kd4 f5 33. g4 e5+ 34. Ke3 fxg4 35. hxg4 Kd5 36. g5 Kc4 37. Ke4 Kxb4 38. Kxe5 Kc3 39. Kf6 b4 40. Kxf7 b3 41. Kg7 b2 42. Kxh7 b1Q+ 43. g6 Qh1+ 44. Kg8 Qxg2 45. g7 Kd4 46. Kh7 Qh3+ 47. Kg6 Qg4+ 48. Kh6 Ke5 49. Kh7 Qh5+ 50. Kg8 Kf6 51. Kf8 Qf7# 0-1

[Event "SLO-chT3 West"]
[Site "Komenda"]
[Date "2017.12.10"]
[Round "4.4"]
[White "Pajek, Tjasa"]
[Black "Siraj, Svit"]
[Result "1-0"]
[WhiteElo "1275"]
[BlackElo "1438"]
[PlyCount "117"]
[EventDate "2017.12.08"]
[EventType "team-swiss"]
[EventRounds "5"]
[EventCountry "SLO"]
[SourceTitle "EXT 2019"]
[Source "ChessBase"]
[SourceDate "2018.10.10"]
[SourceVersion "1"]
[SourceVersionDate "2018.10.10"]
[SourceQuality "1"]
[WhiteTeam "Novo Mesto Krka II"]
[BlackTeam "Vrhnika II"]
[WhiteTeamCountry "SLO"]
[BlackTeamCountry "SLO"]

1. e4 c5 2. Nf3 d6 3. d4 cxd4 4. Nxd4 Nf6 5. Nc3 g6 6. Be3 Bg7 7. Bb5+ Bd7 8. Bxd7+ Qxd7 9. h3 0-0 10. 0-0 Nc6 11. Nf3 Rfd8 12. Qd2 Rab8 13. Bh6 Bh8 14. Rad1 b5 15. Rfe1 b4 16. Nb1 Qe6 17. a3 bxa3 18. bxa3 Nxe4 19. Qf4 d5 20. Ng5 Qf6 21. Nxe4 dxe4 22. Qxe4 Rd4 23. Rxd4 Nxd4 24. Bf4 Re8 25. Be3 Nc6 26. Nd2 Nd4 27. Nb3 Nb5 28. a4 Nc3 29. Qb4 a6 30. Bd4 Nd5 31. Qc5 Qf5 32. Bxh8 Kxh8 33. Nd4 Qd7 34. Qc4 Ra8 35. a5 e6 36. Nf3 Qb5 37. Qd4+ Kg8 38. c4 Qxa5 39. cxd5 Rd8 40. d6 Qd5 41. Qxd5 exd5 42. Ra1 Rxd6 43. Nd4 Kf8 44. Kf1 Ke7 45. Ke2 f5 46. g4 Kf6 47. gxf5 gxf5 48. f4 Kg6 49. Ke3 Kf6 50. Kd3 Kg6 51. Ra5 Kf6 52. Nb3 Rb6 53. Nc5 Rb5 54. Rxa6+ Kf7 55. Kd4 Rb4+ 56. Ke3 Rb5 57. Kd4 Rb4+ 58. Ke5 Rb5 59. Kxd5 1-0

[Event "SLO-ch U12 Girls"]
[Site "Ptuj"]
[Date "2017.03.02"]
[Round "8"]
[White "Mihelic, Vesna"]
[Black "Pajek, Tjasa"]
[Result "1-0"]
[WhiteElo "1602"]
[BlackElo "1238"]
[PlyCount "121"]
[EventDate "2017.02.27"]
[EventType "swiss"]
[EventRounds "9"]
[EventCountry "SLO"]
[SourceTitle "CBM 177 Extra"]
[Source "ChessBase"]
[SourceDate "2017.04.27"]
[SourceVersion "1"]
[SourceVersionDate "2017.04.27"]
[SourceQuality "1"]

1. e4 c5 2. Nf3 e6 3. c4 Nc6 4. Nc3 b6 5. Be2 Bb7 6. 0-0 g6 7. d4 cxd4 8. Nxd4 Bg7 9. Ndb5 Be5 10. f4 Bc7 11. Nxc7+ Qxc7 12. Nb5 Qb8 13. Nd6+ Ke7 14. e5 Nh6 15. b3 a5 16. Bf3 Ra7 17. Qd2 Nf5 18. Ba3 Nb4 19. Nxb7 Rxb7 20. Bxb7 Qxb7 21. Bxb4+ axb4 22. Qxb4+ Ke8 23. Qd2 Ke7 24. Rad1 Rd8 25. Qf2 Ke8 26. Rd3 Qc6 27. Rfd1 Qc5 28. Qxc5 bxc5 29. g4 Ne7 30. Rd6 Nc6 31. Rxc6 dxc6 32. Rxd8+ Kxd8 33. Kf2 Kc7 34. Ke3 Kd7 35. a4 Kc7 36. h4 h6 37. h5 gxh5 38. gxh5 Kd7 39. Ke4 Kc7 40. Kd3 Kb6 41. Kc3 Ka5 42. Kb2 Kb4 43. Ka2 Ka5 44. Ka3 Ka6 45. b4 cxb4+ 46. Kxb4 Kb6 47. a5+ Ka6 48. Kc5 Kxa5 49. Kxc6 Kb4 50. c5 Kc4 51. Kd6 Kd4 52. c6 Ke4 53. c7 Kxf4 54. c8Q Kg5 55. Qd8+ Kxh5 56. Qg8 Kh4 57. Kc5 h5 58. Kd4 Kh3 59. Ke3 h4 60. Kf2 Kh2 61. Qg2# 1-0

[Event "Otocec Krka Terme op"]
[Site "Otocec"]
[Date "2016.10.23"]
[Round "4"]
[White "Pajek, Tjasa"]
[Black "Knoll, Nina"]
[Result "1-0"]
[WhiteElo "1205"]
[BlackElo "1396"]
[PlyCount "103"]
[EventDate "2016.10.21"]
[EventType "swiss"]
[EventRounds "5"]
[EventCountry "SLO"]
[SourceTitle "EXT 2019"]
[Source "ChessBase"]
[SourceDate "2018.10.10"]
[SourceVersion "1"]
[SourceVersionDate "2018.10.10"]
[SourceQuality "1"]

1. d4 d5 2. Nf3 Bg4 3. e3 e6 4. c4 c6 5. Be2 Bxf3 6. Bxf3 dxc4 7. Qc2 b5 8. Bd2 Qc7 9. a4 Ne7 10. axb5 Nd5 11. Qxc4 c5 12. Bxd5 exd5 13. Qxd5 cxd4 14. 0-0 dxe3 15. Bxe3 Nc6 16. Qxc6+ Qxc6 17. bxc6 Bd6 18. Rc1 0-0 19. Rxa7 Rxa7 20. Bxa7 Rc8 21. Na3 Kf8 22. Bc5 Rxc6 23. Bxd6+ Rxd6 24. g3 Rd2 25. Rb1 Ke7 26. b4 Ra2 27. Nc4 Ra4 28. Ne3 Kd7 29. b5 Ra8 30. b6 Rb8 31. b7 Kc6 32. f4 f5 33. Nxf5 g6 34. Nh6 Rxb7 35. Rxb7 Kxb7 36. Kf2 Kc6 37. h4 Kd5 38. Ke3 Ke6 39. Ke4 Kf6 40. Ng4+ Ke6 41. Ne5 Kf6 42. g4 h6 43. g5+ Kg7 44. f5 hxg5 45. hxg5 gxf5+ 46. Kxf5 Kg8 47. Kg6 Kh8 48. Kf7 Kh7 49. g6+ Kh6 50. g7 Kh5 51. g8Q Kh4 52. Qg4# 1-0

[Event "Otocec U16 op"]
[Site "Otocec"]
[Date "2015.06.07"]
[Round "7"]
[White "Pajek, Tjasa"]
[Black "Zlatanovic, Marcus"]
[Result "1-0"]
[WhiteElo "1159"]
[BlackElo "1364"]
[PlyCount "97"]
[EventDate "2015.05.10"]
[EventType "swiss"]
[EventRounds "9"]
[EventCountry "SLO"]
[SourceTitle "EXT 2023"]
[Source "ChessBase"]
[SourceDate "2022.10.05"]
[SourceVersion "1"]
[SourceVersionDate "2022.10.05"]
[SourceQuality "1"]

1. d4 Nf6 2. c4 e6 3. Nc3 Bb4 4. Bd2 0-0 5. a3 Bxc3 6. Bxc3 d5 7. e3 Nbd7 8. Nf3 Nb6 9. c5 Nbd7 10. Bb4 a5 11. Bc3 Ne4 12. Bd3 Nxc3 13. bxc3 c6 14. 0-0 b6 15. cxb6 Nxb6 16. Qe2 f6 17. e4 Qc7 18. exd5 cxd5 19. Rac1 Nc4 20. Bxc4 Qxc4 21. Qxc4 dxc4 22. Rfe1 Re8 23. Rb1 Ba6 24. Rb6 Kf7 25. h3 Ra7 26. g4 g5 27. Nd2 e5 28. dxe5 fxe5 29. Rc6 Rd7 30. Nxc4 Bb7 31. Rd6 Red8 32. Nxe5+ Kf8 33. Rxd7 Rb8 34. Rb1 Re8 35. Rbxb7 Rxe5 36. Rd8+ Re8 37. Rxe8+ Kxe8 38. Rxh7 a4 39. c4 Kd8 40. c5 Ke8 41. c6 Kd8 42. Rg7 Kc8 43. Rxg5 Kc7 44. h4 Kb6 45. h5 Ka6 46. c7 Kb7 47. h6 Kb6 48. c8Q Ka7 49. Qe6 1-0